000
00271nam a22001337a 4500
020
_a
978312144903X
041
_a
eng
080
_a
52
090
_b
BOV
100
_a
Bova, Ben and Trudy E. Bell.
245
_a
Closeup: New Worlds.
650
_a
Science
999
_c
279317
_d
279317
942
_c
BK